Annotated bibliography of Mennonite writings on war and peace, 1930-1980 /

Bibliographic Details
Corporate Author: Institute of Mennonite Studies (Elkhart, Ind.)
Other Authors: Swartley, Willard M., 1936-, Dyck, Cornelius J.
Format: Book
Language:English
Published: Scottdale, Pa. : Herald Press, 1987.
Subjects:

MARC

Tag First Indicator Second Indicator Subfields
LEADER 00000cam a2200000 a 4500
001 in00000027215
005 20160526145539.0
008 870526s1987 pau b 00100 eng
010 |a  87014932  
020 |a 083611292X :  |c $69.95 (est.) 
035 |a (OCoLC)16004980 
035 |9 AAB9689AM 
040 |a DLC  |c DLC  |d TXA  |d UtOrBLW 
049 |a TXAM  |c [A11497144] 
050 0 0 |a Z7845.M4  |b A56 1987 
050 0 0 |a BX8128.P4 
082 0 |a 016.2618/73  |2 19 
245 0 0 |a Annotated bibliography of Mennonite writings on war and peace, 1930-1980 /  |c edited by Willard M. Swartley and Cornelius J. Dyck ; together with editorial assistants Carol A.N. Martin, Mary Schertz, Priscilla Stuckey-Kauffman, and research assistants Rachel Friesen [and others]. 
264 1 |a Scottdale, Pa. :  |b Herald Press,  |c 1987. 
300 |a 740 pages ;  |c 24 cm. 
336 |a text  |b txt  |2 rdacontent 
337 |a unmediated  |b n  |2 rdamedia 
338 |a volume  |b nc  |2 rdacarrier 
500 |a "Prepared by the Institute of Mennonite Studies, Elkhart, Indiana." 
500 |a Includes index. 
650 0 |a War  |x Religious aspects  |x Mennonites  |x Bibliography. 
650 0 |a Peace  |x Religious aspects  |x Mennonites  |x Bibliography. 
650 0 |a Mennonites  |x Doctrines  |x Bibliography. 
700 1 |a Swartley, Willard M.,  |d 1936- 
700 1 |a Dyck, Cornelius J. 
710 2 |a Institute of Mennonite Studies (Elkhart, Ind.) 
999 |a MARS 
999 f f |s 03578f37-0c9e-3549-89f9-a653d5beda3b  |i 0af8d234-74df-3bb2-ac94-c03fa81fb162  |t 0 
952 f f |p ric  |a Texas A&M University  |b Rellis Campus  |c Joint Library Facility  |d Remote Storage  |t 0  |e Z7845.M4 A56 1987  |h Library of Congress classification  |i unmediated -- volume  |m A14811497144 
998 f f |a Z7845.M4 A56 1987  |t 0  |l Remote Storage